000 00208nam a22000857a 4500
008 161126b xxu||||| |||| 00| 0 eng d
100 _91456
_aKumar.A.
245 _aBiology-XII
260 _aNew Delhi
_bS. Chand
_c2012
999 _c4181
_d4181